[Event "68th ch-ARM"]
[Site "Yerevan ARM"]
[Date "2008.01.13"]
[Round "6"]
[White "Kotanjian, T."]
[Black "Ter Sahakyan, S."]
[Result "1-0"]
[WhiteElo "2545"]
[BlackElo "2369"]
[PlyCount "115"]
[EventDate "2008.01.08"]

1. d4 d5 2. c4 c6 3. Nf3 Nf6 4. Nc3 e6 5. Bg5 Be7 6. e3 Nbd7 7. Qc2 O-O 8. Bd3
dxc4 9. Bxc4 Nd5 10. Bxe7 Qxe7 11. O-O Nxc3 12. Qxc3 b6 13. e4 Bb7 14. Rad1 c5
15. d5 exd5 16. Bxd5 Bxd5 17. exd5 Qd6 18. Rfe1 Rfe8 19. Qa3 Rxe1+ 20. Nxe1 Ne5
21. h3 Qd7 22. Qa6 f5 23. d6 Re8 24. f4 Nf7 25. Nf3 Re6 26. Qc4 Rxd6 27. Rxd6
Qxd6 28. Ne5 Qd4+ 29. Qxd4 cxd4 30. Nc6 Nd6 31. Nxa7 Kf7 32. Nc6 Ke6 33. Nxd4+
Kd5 34. Ne2 Ne4 35. b3 Kc5 36. g4 Kb4 37. Kg2 Ka3 38. Nd4 Kxa2 39. Nxf5 Kxb3
40. Kf3 Nd2+ 41. Ke2 Kc3 42. Nxg7 b5 43. Ne6 b4 44. Nc5 b3 45. f5 Kc2 46. Nxb3
Nxb3 47. Ke3 Kc3 48. g5 Nc5 49. g6 hxg6 50. fxg6 Ne6 51. h4 Ng7 52. Ke4 Nh5 53.
Kf5 Kd4 54. Kg5 Ng7 55. Kf6 Nh5+ 56. Kf7 Ke5 57. g7 Nf6 58. h5 1-0

[Event "68th ch-ARM"]
[Site "Yerevan ARM"]
[Date "2008.01.13"]
[Round "6"]
[White "Minasian, Art"]
[Black "Andriasian, Z."]
[Result "1/2-1/2"]
[WhiteElo "2578"]
[BlackElo "2532"]
[PlyCount "33"]
[EventDate "2008.01.08"]

1. e4 c5 2. Nf3 d6 3. c3 Nf6 4. Be2 g6 5. O-O Bg7 6. Bb5+ Bd7 7. Bxd7+ Nbxd7 8.
Re1 e5 9. d4 O-O 10. dxe5 dxe5 11. Bg5 b5 12. a4 a6 13. Na3 Qb8 14. Bxf6 Nxf6
15. Qe2 c4 16. Rad1 Re8 17. Nc2 1/2-1/2

[Event "68th ch-ARM"]
[Site "Yerevan ARM"]
[Date "2008.01.13"]
[Round "6"]
[White "Pashikian, A."]
[Black "Babujian, L."]
[Result "1/2-1/2"]
[WhiteElo "2556"]
[BlackElo "2439"]
[PlyCount "192"]
[EventDate "2008.01.08"]

1. e4 e5 2. Nf3 Nc6 3. Bb5 a6 4. Ba4 Nf6 5. O-O Be7 6. Re1 b5 7. Bb3 O-O 8. c3
d5 9. exd5 Nxd5 10. Nxe5 Nxe5 11. Rxe5 c6 12. d4 Bd6 13. Re1 Qh4 14. g3 Qh3 15.
Qe2 Bd7 16. Qf1 Qh5 17. Nd2 Rae8 18. Ne4 Bh3 19. Bd1 Qf5 20. Qd3 Qe6 21. Re2
Bf5 22. Bc2 Bg6 23. Bd2 Qh3 24. Ree1 Bc7 25. Qf1 Qc8 26. Qg2 Re7 27. Bb3 Rfe8
28. f3 a5 29. a4 b4 30. Nc5 bxc3 31. bxc3 Bb6 32. Rxe7 Rxe7 33. Re1 Bxc5 34.
dxc5 Rxe1+ 35. Bxe1 Bd3 36. c4 Qe6 37. Bxa5 Qe5 38. Qd2 Qd4+ 39. Kh1 Ne3 40.
Bc3 Nxc4 41. Bxd4 Nxd2 42. Bd1 Bc4 43. a5 Ba6 44. Bc3 Nc4 45. Ba4 Bb7 46. Bc2
f6 47. Bd3 Ba6 48. h4 h6 49. f4 Kf7 50. f5 Ke7 51. g4 Bb5 52. Kh2 Kd7 53. Kg3
Nd6 54. Bc2 Ne8 55. Kf4 Nc7 56. Bb3 Na6 57. Bd4 Nb4 58. g5 hxg5+ 59. hxg5 Ke7
60. Kg4 Be2+ 61. Kh4 Bd3 62. Bc3 Na6 63. Kg4 Be2+ 64. Kf4 Nc7 65. Bd4 Nb5 66.
Bf2 Nc7 67. Ke3 Ba6 68. Bg3 Nb5 69. g6 Bc8 70. Bc2 Kd8 71. Bf4 Ke7 72. Bb8 Kd8
73. Bd3 Nc7 74. Kd4 Kd7 75. Kc3 Nd5+ 76. Kd4 Nc7 77. Ke4 Bb7 78. Bc4 Bc8 79.
Kd4 Bb7 80. Kc3 Bc8 81. a6 Bxa6 82. Bxa6 Nxa6 83. Bd6 Nc7 84. Bf8 Ne8 85. Kb4
Kc7 86. Ka5 Kb7 87. Be7 Ka7 88. Bd8 Kb7 89. Bb6 Kc8 90. Ka6 Kd7 91. Kb7 Nd6+
92. cxd6 Kxd6 93. Bd4 Kd5 94. Bxf6 Ke4 95. Bxg7 Kxf5 96. Kxc6 Kxg6 1/2-1/2

[Event "68th ch-ARM"]
[Site "Yerevan ARM"]
[Date "2008.01.13"]
[Round "6"]
[White "Nalbandian, T."]
[Black "Anastasian, A."]
[Result "1/2-1/2"]
[WhiteElo "2505"]
[BlackElo "2562"]
[PlyCount "107"]
[EventDate "2008.01.08"]

1. d4 Nf6 2. c4 e6 3. g3 d5 4. Bg2 Be7 5. Nf3 O-O 6. O-O c6 7. Qc2 Nbd7 8. Nbd2
b6 9. e4 Bb7 10. e5 Ne8 11. cxd5 cxd5 12. Re1 Ba6 13. Re3 Rc8 14. Qa4 Nc7 15.
Bf1 Nb8 16. Rc3 b5 17. Qd1 b4 18. Rc2 Bxf1 19. Nxf1 Nb5 20. Rxc8 Qxc8 21. Bg5
Bxg5 22. Nxg5 Qc4 23. Nf3 Rc8 24. Ne3 Qc6 25. Qd3 h6 26. h4 Qb6 27. h5 a5 28.
g4 Nc6 29. Rc1 Ne7 30. Rxc8+ Nxc8 31. a4 bxa3 32. bxa3 Qc6 33. g5 Ne7 34. gxh6
gxh6 35. Ng4 Nf5 36. Qd2 Kh7 37. Qxa5 Nbxd4 38. Nxd4 Qc1+ 39. Kg2 Qg5 40. Nxf5
exf5 41. Qxd5 Qxg4+ 42. Kf1 Qh3+ 43. Ke1 Qc3+ 44. Kd1 Kg7 45. e6 Qxa3 46. exf7
Qa4+ 47. Kd2 Qg4 48. Qd6 Kxf7 49. Qxh6 Qd4+ 50. Ke2 Qc4+ 51. Ke1 Qe4+ 52. Kd2
Qd4+ 53. Ke2 Qc4+ 54. Kd2 1/2-1/2

[Event "68th ch-ARM"]
[Site "Yerevan ARM"]
[Date "2008.01.14"]
[Round "7"]
[White "Petrosian, TL."]
[Black "Kotanjian, T."]
[Result "1-0"]
[WhiteElo "2606"]
[BlackElo "2545"]
[PlyCount "75"]
[EventDate "2008.01.08"]

1. e4 e5 2. Nf3 Nc6 3. Bb5 Nf6 4. d3 Bc5 5. Bxc6 dxc6 6. Be3 Bd6 7. h3 Be6 8.
Nbd2 c5 9. Nh4 g6 10. Qf3 Ng8 11. Qg3 f6 12. Nc4 Qd7 13. Nf3 Bxc4 14. dxc4
O-O-O 15. h4 Ne7 16. Qh3 f5 17. Bg5 Rdf8 18. O-O-O Nc6 19. h5 gxh5 20. c3 Rhg8
21. Be3 f4 22. Qxd7+ Kxd7 23. Bxc5 Rxg2 24. Nh4 Rg5 25. Nf3 Rg6 26. Rxh5 Ke7
27. Bxd6+ cxd6 28. Nh4 Rf7 29. Nxg6+ hxg6 30. Rh8 Rg7 31. f3 b6 32. b4 g5 33.
Rh6 g4 34. fxg4 Rxg4 35. Rh7+ Ke6 36. c5 dxc5 37. bxc5 bxc5 38. Rh6+ 1-0

[Event "68th ch-ARM"]
[Site "Yerevan ARM"]
[Date "2008.01.14"]
[Round "7"]
[White "Ter Sahakyan, S."]
[Black "Asrian, K."]
[Result "1-0"]
[WhiteElo "2369"]
[BlackElo "2621"]
[PlyCount "85"]
[EventDate "2008.01.08"]

1. e4 c5 2. Nf3 Nc6 3. d4 cxd4 4. Nxd4 Nf6 5. Nc3 d6 6. Bg5 e6 7. Qd2 a6 8.
O-O-O Bd7 9. f3 Be7 10. h4 h6 11. Be3 h5 12. Be2 b5 13. Nxc6 Bxc6 14. Bd3 Nd7
15. Bg5 Ne5 16. Ne2 Bb7 17. Nd4 d5 18. Qe3 Bxg5 19. hxg5 Qc7 20. exd5 Bxd5 21.
g6 fxg6 22. Be4 Nc4 23. Nxe6 Bxe6 24. Bxg6+ Ke7 25. Qg5+ Kf8 26. Rhe1 Bf7 27.
Bxf7 Rh6 28. Bg6 Rxg6 29. Qxg6 Qf4+ 30. Kb1 Qf6 31. Qxf6+ gxf6 32. Rd7 Ne5 33.
Rh7 Kg8 34. Rxh5 Rd8 35. b3 Rd2 36. Rhxe5 fxe5 37. Rxe5 Rxg2 38. Re6 a5 39. Re5
a4 40. Kb2 a3+ 41. Kxa3 Rxc2 42. Rxb5 Kf7 43. Re5 1-0

[Event "68th ch-ARM"]
[Site "Yerevan ARM"]
[Date "2008.01.14"]
[Round "7"]
[White "Anastasian, A."]
[Black "Lputian, S."]
[Result "0-1"]
[WhiteElo "2562"]
[BlackElo "2616"]
[PlyCount "40"]
[EventDate "2008.01.08"]

1. e4 e6 2. d4 d5 3. Nc3 Bb4 4. Nge2 Nc6 5. a3 Ba5 6. Be3 dxe4 7. b4 Bb6 8.
Nxe4 e5 9. d5 Nce7 10. d6 Nf5 11. Bxb6 axb6 12. dxc7 Qxc7 13. g4 Nh4 14. N2c3
Nf6 15. Bb5+ Kf8 16. f3 h5 17. g5 Nxe4 18. Nxe4 Bh3 19. Rg1 Bg2 20. Be2 Rd8 0-1

[Event "68th ch-ARM"]
[Site "Yerevan ARM"]
[Date "2008.01.14"]
[Round "7"]
[White "Yegiazarian, A."]
[Black "Pashikian, A."]
[Result "0-1"]
[WhiteElo "2512"]
[BlackElo "2556"]
[PlyCount "130"]
[EventDate "2008.01.08"]

1. Nf3 d5 2. d4 Nf6 3. c4 e6 4. g3 Bb4+ 5. Bd2 Be7 6. Bg2 c6 7. Qb3 Nbd7 8. O-O
O-O 9. Bb4 b6 10. Bxe7 Qxe7 11. Nc3 Bb7 12. Rfe1 Rfd8 13. Rad1 dxc4 14. Qxc4 c5
15. Qa4 cxd4 16. Rxd4 e5 17. Rdd1 Nc5 18. Rxd8+ Rxd8 19. Qxa7 e4 20. Nh4 Qe6
21. Rd1 Ra8 22. Qxa8+ Bxa8 23. Rd8+ Ne8 24. Bh3 Qe5 25. Rxa8 g6 26. Ng2 Kg7 27.
Ne3 Nf6 28. Rd8 h5 29. Rd2 h4 30. Nc4 Qh5 31. Bg2 hxg3 32. hxg3 Ng4 33. Nd5 e3
34. Ncxe3 Ne4 35. Rd4 Nexf2 36. Nf1 Nh3+ 37. Bxh3 Qxh3 38. Nxb6 Nh2 39. Nxh2
Qxg3+ 40. Kf1 Qxh2 41. Nc4 f5 42. a4 g5 43. Ne3 Qe5 44. Rd3 f4 45. Ng4 Qxb2 46.
Rd5 Qb1+ 47. Kf2 Qg6 48. a5 Qh5 49. Rd7+ Kg6 50. Rd6+ Kf5 51. Nh6+ Ke5 52. Rb6
Qh2+ 53. Kf1 Qh3+ 54. Ke1 Qc3+ 55. Kf2 Qc5+ 56. Kf3 Qg1 57. Nf7+ Kd4 58. Rd6+
Kc5 59. a6 Qe3+ 60. Kg4 f3 61. a7 Qe4+ 62. Kxg5 fxe2 63. a8=Q Qxa8 64. Re6 Qd5+
65. Re5 e1=Q 0-1

[Event "68th ch-ARM"]
[Site "Yerevan ARM"]
[Date "2008.01.14"]
[Round "7"]
[White "Babujian, L."]
[Black "Nalbandian, T."]
[Result "1-0"]
[WhiteElo "2439"]
[BlackElo "2505"]
[PlyCount "87"]
[EventDate "2008.01.08"]

1. d4 Nf6 2. c4 g6 3. Nc3 Bg7 4. e4 d6 5. Nf3 O-O 6. Be2 e5 7. O-O Qe8 8. d5 a5
9. Ne1 Na6 10. Nd3 b6 11. f3 Nc5 12. Nxc5 bxc5 13. a4 Nh5 14. g3 Bh3 15. Rf2 f5
16. Bf1 Bxf1 17. Qxf1 Nf6 18. Ra3 Rb8 19. Qd1 Rb4 20. Qe2 h5 21. Nb5 c6 22. Nc7
Qf7 23. Ne6 cxd5 24. Nxf8 Rxc4 25. Bg5 Qxf8 26. exd5 Rd4 27. Rb3 Nxd5 28. Rb7
c4 29. Rf1 f4 30. Rd1 Rxd1+ 31. Qxd1 Ne3 32. Qb1 Qc8 33. Qe4 c3 34. Bf6 Nf5 35.
Qd5+ Kh7 36. Bxg7 Nxg7 37. Qf7 Qh8 38. bxc3 Kh6 39. Qf6 fxg3 40. h4 Qg8 41. Rf7
Ne6 42. Qxe6 Qd8 43. Qf6 Qb6+ 44. Kh1 1-0

[Event "68th ch-ARM"]
[Site "Yerevan ARM"]
[Date "2008.01.16"]
[Round "8"]
[White "Asrian, K."]
[Black "Petrosian, TL."]
[Result "1-0"]
[WhiteElo "2621"]
[BlackElo "2606"]
[PlyCount "81"]
[EventDate "2008.01.08"]

1. e4 c5 2. Nf3 Nc6 3. Bb5 g6 4. Bxc6 dxc6 5. d3 Bg7 6. h3 b6 7. O-O e5 8. a3
Ne7 9. b4 cxb4 10. axb4 O-O 11. Bb2 Qc7 12. Nbd2 Be6 13. Ra3 c5 14. b5 Rfd8 15.
Qa1 f6 16. Nh2 g5 17. Nc4 Ng6 18. Nxb6 Qxb6 19. Ra6 Qxb5 20. Rxe6 Nf4 21. Ra6
c4 22. Qa2 Kh8 23. dxc4 Qb7 24. Bc1 Ne2+ 25. Kh1 Qxe4 26. Be3 Rac8 27. Rxa7
Qxc4 28. Qa3 Qxc2 29. Bxg5 Qg6 30. Bh4 Rg8 31. Qa6 Rc2 32. Ng4 h5 33. Nxe5 Qf5
34. Nf7+ Kh7 35. Nd6 Qd5 36. Qb7 Rc6 37. Qb1+ f5 38. Qxf5+ Qxf5 39. Nxf5 Rc5
40. g4 hxg4 41. hxg4 1-0

[Event "68th ch-ARM"]
[Site "Yerevan ARM"]
[Date "2008.01.16"]
[Round "8"]
[White "Andriasian, Z."]
[Black "Minasian, Ara"]
[Result "1/2-1/2"]
[WhiteElo "2532"]
[BlackElo "2466"]
[PlyCount "47"]
[EventDate "2008.01.08"]

1. d4 d5 2. c4 c6 3. Nf3 Nf6 4. Nc3 dxc4 5. a4 Bf5 6. Ne5 Nbd7 7. Nxc4 Nb6 8.
Ne5 a5 9. f3 Nfd7 10. Nxd7 Nxd7 11. e4 Bg6 12. Be3 e5 13. dxe5 Bc5 14. Bxc5
Nxc5 15. Qxd8+ Rxd8 16. h4 h5 17. Bc4 O-O 18. Ke2 Rde8 19. f4 Nxe4 20. Nxe4
Bxe4 21. Rhd1 Bxg2 22. Rd7 Bh3 23. Rxb7 Be6 24. Kd3 1/2-1/2

[Event "68th ch-ARM"]
[Site "Yerevan ARM"]
[Date "2008.01.16"]
[Round "8"]
[White "Kotanjian, T."]
[Black "Anastasian, A."]
[Result "1-0"]
[WhiteElo "2545"]
[BlackElo "2562"]
[PlyCount "63"]
[EventDate "2008.01.08"]

1. d4 e6 2. c4 Bb4+ 3. Nd2 Nf6 4. Ngf3 b6 5. a3 Bxd2+ 6. Bxd2 Bb7 7. Bg5 h6 8.
Bh4 d6 9. e3 Nbd7 10. Be2 O-O 11. O-O Qe7 12. b4 a5 13. h3 g5 14. Bg3 Ne4 15.
Bh2 Nc3 16. Qc2 Nxe2+ 17. Qxe2 e5 18. Rfd1 f6 19. c5 Kg7 20. Rac1 Nb8 21. cxd6
cxd6 22. Qb5 Bxf3 23. gxf3 axb4 24. axb4 Ra7 25. dxe5 dxe5 26. Qxb6 Rb7 27. Qc5
Rf7 28. f4 exf4 29. exf4 Qe6 30. f5 Qe4 31. Rd8 Nd7 32. Qc8 1-0

[Event "68th ch-ARM"]
[Site "Yerevan ARM"]
[Date "2008.01.16"]
[Round "8"]
[White "Minasian, Art"]
[Black "Ter Sahakyan, S."]
[Result "0-1"]
[WhiteElo "2578"]
[BlackElo "2369"]
[PlyCount "52"]
[EventDate "2008.01.08"]

1. e4 e5 2. Bc4 Nf6 3. d3 Bc5 4. Nf3 Nc6 5. c3 O-O 6. Bb3 d5 7. Qe2 h6 8. Nbd2
dxe4 9. dxe4 Qe7 10. Nc4 Be6 11. Bc2 Nd7 12. Ne3 Nb6 13. b3 Ba3 14. Bd2 a5 15.
Rb1 Rfd8 16. O-O Rd7 17. g4 Rad8 18. Kh1 Qc5 19. Be1 Nd4 20. cxd4 exd4 21. Nxd4
Rxd4 22. f4 Bd7 23. Qg2 Bc6 24. Nf5 Rd2 25. Ne7+ Kh8 26. Nxc6 Rxg2 0-1

[Event "68th ch-ARM"]
[Site "Yerevan ARM"]
[Date "2008.01.16"]
[Round "8"]
[White "Nalbandian, T."]
[Black "Yegiazarian, A."]
[Result "1/2-1/2"]
[WhiteElo "2505"]
[BlackElo "2512"]
[PlyCount "27"]
[EventDate "2008.01.08"]

1. d4 Nf6 2. Nf3 e6 3. c4 b6 4. g3 Bb7 5. Bg2 Be7 6. O-O O-O 7. Nc3 Ne4 8. Nxe4
Bxe4 9. Ne1 Bxg2 10. Nxg2 d5 11. cxd5 Qxd5 12. Bf4 c5 13. dxc5 Qxc5 14. Rc1
1/2-1/2

[Event "68th ch-ARM"]
[Site "Yerevan ARM"]
[Date "2008.01.17"]
[Round "9"]
[White "Ter Sahakyan, S."]
[Black "Andriasian, Z."]
[Result "1/2-1/2"]
[WhiteElo "2369"]
[BlackElo "2532"]
[PlyCount "60"]
[EventDate "2008.01.08"]

1. e4 c5 2. Nf3 Nc6 3. d4 cxd4 4. Nxd4 e5 5. Nb5 d6 6. c4 Be7 7. N1c3 a6 8. Na3
f5 9. exf5 Bxf5 10. Bd3 Be6 11. Nc2 Nf6 12. O-O O-O 13. Nd5 Rc8 14. b3 Qe8 15.
Bb2 Nxd5 16. cxd5 Bxd5 17. Bxh7+ Kxh7 18. Qxd5 Qg6 19. Ne3 Rf4 20. Rad1 Rcf8
21. Nc4 R8f6 22. Qd3 Qxd3 23. Rxd3 Nb4 24. Rd2 Nxa2 25. Bxe5 dxe5 26. Rxa2 e4
27. Re2 Bb4 28. Rd1 Bc5 29. Rf1 Bb4 30. Rd1 Bc5 1/2-1/2

[Event "68th ch-ARM"]
[Site "Yerevan ARM"]
[Date "2008.01.17"]
[Round "9"]
[White "Babujian, L."]
[Black "Kotanjian, T."]
[Result "0-1"]
[WhiteElo "2439"]
[BlackElo "2545"]
[PlyCount "120"]
[EventDate "2008.01.08"]

1. e4 c5 2. Nf3 d6 3. d4 cxd4 4. Nxd4 Nf6 5. Nc3 a6 6. Be2 e6 7. O-O Qc7 8. f4
Nc6 9. Kh1 Bd7 10. Nb3 Be7 11. Be3 Rc8 12. Qe1 O-O 13. Rd1 b5 14. a3 b4 15.
axb4 Nxb4 16. Rd2 a5 17. Nd4 a4 18. Bf3 e5 19. Nf5 Bxf5 20. exf5 a3 21. bxa3
Qxc3 22. axb4 Qxb4 23. g4 Rfe8 24. fxe5 dxe5 25. g5 Ne4 26. g6 Nxd2 27. gxf7+
Kxf7 28. Bxd2 Qb5 29. Bh5+ Kf8 30. Be2 Qc6+ 31. Bf3 Qc4 32. Bb7 Bh4 33. Qc1 Rb8
34. Bg2 e4 35. Be3 Bf6 36. Re1 Rb2 37. Qd1 Qxc2 38. Qd6+ Kg8 39. Rg1 Qd3 40.
Qxf6 Rxg2 41. Rxg2 Qf1+ 42. Rg1 Qxg1+ 43. Kxg1 gxf6 44. Bd4 e3 45. Kf1 e2+ 46.
Ke1 Kf7 47. Bf2 Re5 48. Bg3 Rxf5 49. Kxe2 Ra5 50. Kf3 Ra4 51. Bc7 Ke6 52. Bb8
Kf5 53. Bd6 Rd4 54. Bg3 Rd3+ 55. Kg2 Ke4 56. Kh3 f5 57. Kh4 f4 58. Be1 Kf3 59.
Kg5 Ke2 60. Bh4 Rh3 0-1

[Event "68th ch-ARM"]
[Site "Yerevan ARM"]
[Date "2008.01.18"]
[Round "10"]
[White "Minasian, Ara"]
[Black "Ter Sahakyan, S."]
[Result "1-0"]
[WhiteElo "2466"]
[BlackElo "2369"]
[PlyCount "63"]
[EventDate "2008.01.08"]

1. c4 e5 2. Nc3 Nc6 3. g3 g6 4. Bg2 Bg7 5. Rb1 Nge7 6. b4 O-O 7. b5 Nd4 8. e3
Ne6 9. Nge2 f5 10. f4 e4 11. Ba3 d6 12. d3 exd3 13. Qxd3 Nc5 14. Qc2 a6 15. Rd1
Qe8 16. b6 Bd7 17. bxc7 Bc6 18. Bd5+ Nxd5 19. cxd5 Bd7 20. Bxc5 dxc5 21. Kf2
Rf6 22. d6 Kh8 23. e4 fxe4 24. Nxe4 Rf7 25. Nxc5 Bc6 26. Rhe1 Qc8 27. Nd4 Rxf4+
28. gxf4 Qh3 29. Nce6 Qxh2+ 30. Ke3 Qh3+ 31. Ke2 Qg2+ 32. Kd3 1-0

[Event "68th ch-ARM"]
[Site "Yerevan ARM"]
[Date "2008.01.18"]
[Round "10"]
[White "Asrian, K."]
[Black "Babujian, L."]
[Result "1-0"]
[WhiteElo "2621"]
[BlackElo "2439"]
[PlyCount "63"]
[EventDate "2008.01.08"]

1. e4 e5 2. Nf3 Nc6 3. Bc4 Nf6 4. d3 Bc5 5. c3 O-O 6. O-O d6 7. Bb3 Bg4 8. Nbd2
Qd7 9. Re1 Rad8 10. Qe2 Kh8 11. Nf1 Nh5 12. h3 f5 13. d4 fxe4 14. Nxe5 dxe5 15.
Qxg4 exd4 16. Qxh5 Rf5 17. Qg4 e3 18. Nxe3 dxe3 19. Bxe3 Ne5 20. Qe4 Bd6 21. f4
Rdf8 22. fxe5 Rxe5 23. Qg4 Qe7 24. Bd2 h5 25. Qg6 Rf6 26. Qd3 g6 27. Qc4 Rf8
28. Rf1 b5 29. Rxf8+ Qxf8 30. Qf7 Qd8 31. Qxg6 Bc5+ 32. Kh1 1-0

[Event "68th ch-ARM"]
[Site "Yerevan ARM"]
[Date "2008.01.18"]
[Round "10"]
[White "Andriasian, Z."]
[Black "Petrosian, TL."]
[Result "1-0"]
[WhiteElo "2532"]
[BlackElo "2606"]
[PlyCount "145"]
[EventDate "2008.01.08"]

1. e4 c5 2. Nf3 Nc6 3. Bb5 g6 4. O-O Bg7 5. Nc3 d6 6. d3 Bd7 7. h3 Nf6 8. Be3
O-O 9. Qd2 a6 10. Bxc6 Bxc6 11. Bh6 e5 12. Bxg7 Kxg7 13. Ne2 Nh5 14. g4 Nf6 15.
Ng3 Nd7 16. c4 Kh8 17. Ne1 f5 18. exf5 Qh4 19. Kh2 gxf5 20. Nxf5 Rxf5 21. gxf5
Rf8 22. f3 Rxf5 23. Ng2 Qh5 24. Qf2 Nf6 25. Qh4 Qg6 26. Qg3 Rg5 27. Qf2 Nh5 28.
Rg1 Qf6 29. Rad1 b5 30. b3 b4 31. Rdf1 Qf5 32. Qh4 Rg6 33. Ne3 Qf4+ 34. Qxf4
Nxf4 35. Rxg6 hxg6 36. Ng2 Ne6 37. Kg3 Kg7 38. h4 Nd4 39. Ne3 Ne2+ 40. Kf2 Nf4
41. Rd1 Kf6 42. Nf1 Ke7 43. Ng3 a5 44. Ne2 Ne6 45. Ra1 a4 46. bxa4 Bxa4 47. Rg1
Kf7 48. Ke3 Bc2 49. Kd2 Ba4 50. f4 Bc6 51. fxe5 dxe5 52. Ke3 Kf6 53. Ng3 Nd4
54. Ne4+ Bxe4 55. Kxe4 Ne2 56. Rf1+ Ke6 57. Ke3 Ng3 58. Rg1 Nf5+ 59. Ke4 Nd6+
60. Kf3 Kf5 61. Re1 Ne8 62. Rf1 Nd6 63. Kg3+ Ke6 64. Kg4 Nf7 65. Ra1 e4 66.
dxe4 Ne5+ 67. Kg5 Nf3+ 68. Kf4 Ne5 69. Rg1 Kf6 70. Rg5 Nd3+ 71. Kf3 Ne5+ 72.
Rxe5 Kxe5 73. Ke3 1-0

[Event "68th ch-ARM"]
[Site "Yerevan ARM"]
[Date "2008.01.19"]
[Round "11"]
[White "Petrosian, TL."]
[Black "Minasian, Ara"]
[Result "1-0"]
[WhiteElo "2606"]
[BlackElo "2466"]
[PlyCount "143"]
[EventDate "2008.01.08"]

1. e4 e5 2. Nf3 Nc6 3. Bc4 Bc5 4. b4 Bxb4 5. c3 Ba5 6. d4 d6 7. Qb3 Qd7 8. Nbd2
Bb6 9. a4 exd4 10. cxd4 Nxd4 11. Qc3 Nxf3+ 12. gxf3 Nf6 13. Rg1 Rg8 14. a5 Bc5
15. Nb3 b5 16. Nxc5 dxc5 17. Qe5+ Qe7 18. Bxb5+ Bd7 19. Qxe7+ Kxe7 20. Be2 Be6
21. Bf4 Nd7 22. Rd1 c4 23. Bxc7 Rac8 24. Bd6+ Kf6 25. f4 g6 26. Rg3 c3 27. Rc1
c2 28. Bb4 Nc5 29. e5+ Kg7 30. Rc3 Nb3 31. R1xc2 Nd4 32. Rxc8 Bxc8 33. Rc7 Nxe2
34. Kxe2 a6 35. Ke3 Be6 36. Ra7 Rb8 37. Bc3 Rc8 38. Bd4 Rc6 39. Bb6 Bc4 40. Kd4
Bb5 41. Kd5 Re6 42. Bd8 Bc6+ 43. Kc5 Bf3 44. Rc7 Kf8 45. Rc8 Re8 46. Kd6 Kg8
47. Rb8 Bg4 48. Kc7 h6 49. Rb6 Be2 50. Kd7 Kf8 51. Bf6 Ra8 52. Be7+ Kg7 53. Bd6
Bg4+ 54. Kc6 Bf3+ 55. Kc7 Be2 56. Rb2 Bf1 57. Kb7 Bg2+ 58. Kb6 Bf1 59. Rc2 g5
60. Rc1 Bd3 61. Rc3 Bf5 62. Rg3 Kg6 63. fxg5 h5 64. h4 Be6 65. Rf3 Bc4 66. Rf4
Be2 67. e6 fxe6 68. Rf6+ Kg7 69. Rxe6 Bb5 70. f4 Rc8 71. Be5+ Kf7 72. f5 1-0

[Event "68th ch-ARM"]
[Site "Yerevan ARM"]
[Date "2008.01.19"]
[Round "11"]
[White "Pashikian, A."]
[Black "Kotanjian, T."]
[Result "1/2-1/2"]
[WhiteElo "2556"]
[BlackElo "2545"]
[PlyCount "84"]
[EventDate "2008.01.08"]

1. d4 d5 2. c4 c6 3. Nf3 Nf6 4. Nc3 e6 5. Bg5 dxc4 6. e4 b5 7. e5 h6 8. Bh4 g5
9. Nxg5 hxg5 10. Bxg5 Nbd7 11. exf6 Bb7 12. g3 c5 13. d5 Nxf6 14. Bg2 Be7 15.
O-O Nxd5 16. Bxe7 Kxe7 17. Qe1 Qd7 18. Bxd5 Bxd5 19. Qe5 b4 20. Nxd5+ Qxd5 21.
Qc7+ Kf6 22. Rad1 Qe5 23. Qxe5+ Kxe5 24. Rd7 Rad8 25. Re1+ Kf6 26. Rxa7 Ra8 27.
Rc7 Rhc8 28. Rxc8 Rxc8 29. Re4 c3 30. bxc3 bxc3 31. Kf1 Ra8 32. Rc4 Ke5 33.
Rxc3 Kd4 34. Rc2 c4 35. Rd2+ Kc3 36. Ke2 Ra5 37. Rd7 f6 38. h4 Rxa2+ 39. Ke3
Ra1 40. g4 Re1+ 41. Kf4 Kb3 42. Rb7+ Ka3 1/2-1/2

[Event "68th ch-ARM"]
[Site "Yerevan ARM"]
[Date "2008.01.19"]
[Round "11"]
[White "Yegiazarian, A."]
[Black "Asrian, K."]
[Result "1/2-1/2"]
[WhiteElo "2512"]
[BlackElo "2621"]
[PlyCount "50"]
[EventDate "2008.01.08"]

1. d4 d5 2. c4 c6 3. Nf3 Nf6 4. Qc2 dxc4 5. e4 b5 6. a4 e6 7. Nbd2 Na6 8. Be2
Nb4 9. Qb1 Be7 10. O-O O-O 11. e5 Nfd5 12. Ne4 f5 13. exf6 Nxf6 14. Nc3 e5 15.
dxe5 Nfd5 16. Nxd5 Qxd5 17. Be3 Bf5 18. Qd1 Nd3 19. axb5 cxb5 20. Rxa7 Rxa7 21.
Bxa7 Be4 22. Be3 Rd8 23. Bxd3 Bxd3 24. Re1 Bb4 25. Bg5 Bxe1 1/2-1/2

[Event "68th ch-ARM"]
[Site "Yerevan ARM"]
[Date "2008.01.19"]
[Round "11"]
[White "Babujian, L."]
[Black "Minasian, Art"]
[Result "0-1"]
[WhiteElo "2439"]
[BlackElo "2578"]
[PlyCount "60"]
[EventDate "2008.01.08"]

1. d4 b6 2. e4 Bb7 3. Bd3 Nf6 4. Nd2 e6 5. Ngf3 d5 6. e5 Nfd7 7. c4 c5 8. cxd5
Bxd5 9. Ne4 cxd4 10. Bg5 Bb4+ 11. Kf1 Be7 12. Nd6+ Kf8 13. Bxe7+ Qxe7 14. Bb5
Nxe5 15. Nxe5 Qxd6 16. Rc1 Qxe5 17. Rc8+ Ke7 18. Rxh8 Nd7 19. Rxa8 Bxa8 20.
Bxd7 Kxd7 21. f3 Bc6 22. Qd2 f5 23. Kf2 f4 24. Re1 Qe3+ 25. Qxe3 fxe3+ 26. Kg3
e5 27. f4 Ke6 28. Rc1 Bd5 29. Rc8 Kd7 30. Rc1 d3 0-1

[Event "68th ch-ARM"]
[Site "Yerevan ARM"]
[Date "2008.01.20"]
[Round "12"]
[White "Asrian, K."]
[Black "Pashikian, A."]
[Result "1-0"]
[WhiteElo "2621"]
[BlackElo "2556"]
[PlyCount "145"]
[EventDate "2008.01.08"]

1. e4 e5 2. Nf3 Nc6 3. Bc4 Nf6 4. d3 Bc5 5. c3 a6 6. O-O d6 7. Bb3 Ba7 8. Be3
O-O 9. Nbd2 Qe7 10. Bxa7 Rxa7 11. Nc4 Be6 12. Ne3 Raa8 13. Ng5 Bxb3 14. Qxb3 h6
15. Nh3 Rab8 16. f4 Qe6 17. Nd5 Na5 18. Qa3 Nxd5 19. f5 Qc8 20. exd5 b6 21. b4
Nb7 22. Qxa6 c6 23. c4 Qc7 24. dxc6 Qxc6 25. a4 d5 26. cxd5 Qd6 27. Qb5 Qf6 28.
Qc4 b5 29. Qg4 bxa4 30. Rxa4 Nd6 31. Ra6 Rb5 32. Nf2 Rfb8 33. Ne4 Nxe4 34. Rxf6
Nxf6 35. Qe2 Rxd5 36. Rb1 Rdb5 37. h3 Ne8 38. Kh2 Nd6 39. f6 gxf6 40. Qg4+ Kf8
41. Qd7 Ne8 42. Ra1 R5b7 43. Qd5 Kg7 44. Ra8 Rb5 45. Qd7 R5b7 46. Qg4+ Kf8 47.
Rxb8 Rxb8 48. Qc4 Ke7 49. Qc5+ Ke6 50. Qc4+ Ke7 51. d4 Rd8 52. d5 Nd6 53. Qc5
f5 54. b5 Rd7 55. Qe3 e4 56. b6 Rb7 57. Kg3 Kd7 58. Qc5 Ke7 59. Kf4 Rd7 60. Qc3
Rb7 61. Qc5 Rd7 62. Qb4 Rb7 63. Qc3 Rd7 64. Qe5+ Kf8 65. Qh8+ Ke7 66. Qxh6 Rb7
67. Qh4+ Kd7 68. Qf2 Rb8 69. Qc5 Rc8 70. Qa5 Rb8 71. Qa4+ Ke7 72. Qc6 Rb7 73.
Qc5 1-0

[Event "68th ch-ARM"]
[Site "Yerevan ARM"]
[Date "2008.01.20"]
[Round "12"]
[White "Minasian, Art"]
[Black "Yegiazarian, A."]
[Result "1-0"]
[WhiteElo "2578"]
[BlackElo "2512"]
[PlyCount "137"]
[EventDate "2008.01.08"]

1. e4 c5 2. Nf3 e6 3. d3 Nc6 4. g3 g6 5. Bg5 Be7 6. h4 h6 7. Bxe7 Qxe7 8. Nc3
d5 9. d4 Nf6 10. e5 Ne4 11. Bd3 Nxc3 12. bxc3 Bd7 13. Qd2 O-O-O 14. Qe3 c4 15.
Be2 Kb8 16. a3 Ka8 17. Kd2 Rc8 18. Nh2 h5 19. Nf3 Nb8 20. Qg5 Qe8 21. Qf4 Ba4
22. Ng5 Rc7 23. g4 hxg4 24. Bxg4 Nc6 25. h5 gxh5 26. Rxh5 Rxh5 27. Bxh5 Nd8 28.
Qf6 a5 29. Rh1 Ka7 30. Bd1 Re7 31. Rh8 Qd7 32. Rf8 Re8 33. Rxe8 Qxe8 34. Bh5
Qf8 35. Nxf7 Nxf7 36. Bxf7 Qxa3 37. Qxe6 Bc6 38. Qd6 Qxd6 39. exd6 Bd7 40. Bxd5
b5 41. f4 Kb8 42. Be4 Kc8 43. f5 Kd8 44. f6 Ke8 45. Bb7 Kf7 46. d5 Kxf6 47. Bc6
Bxc6 48. dxc6 Ke6 49. d7 Ke7 50. Ke3 Kd8 51. Kd4 a4 52. Kc5 Kc7 53. Kb4 Kd8 54.
Kxb5 a3 55. Kb6 a2 56. Kb7 a1=Q 57. c7+ Kxd7 58. c8=Q+ Kd6 59. Qxc4 Qh1+ 60.
Kb6 Qc1 61. Qd3+ Ke7 62. c4 Qh6+ 63. Kb5 Qh5+ 64. c5 Qe8+ 65. c6 Qb8+ 66. Kc4
Qg8+ 67. Qd5 Qg4+ 68. Kb5 Qe2+ 69. Kb6 1-0